000
00282nam a22001097a 4500
008
170110b xxu||||| |||| 00| 0 eng d
020
_a
9780874934786
041
_a
eng
080
_a
618.2
245
_a
HEARTSAVER FIRST AID WITH CPR & AED
_c
AMERICAN HEART ASSOCIATION
942
_2
udc
_c
BK
999
_c
2625
_d
2625